Movies Quiz

Random Movies Quiz

Name that movie character Quiz Stats

 Plays Quiz not verified by Sporcle

Challenge
Share
Tweet
Embed
Score 0/10 Timer 10:00
0 Plays Today
% Correct
Aladdin
50%
Cinderella
42.3%
Simba
42.3%
Arial
38.5%
The beast
30.8%
Pocahontas
19.2%
Peter Pan
19.2%
Bambi
7.7%
Dumbo
7.7%
The white rabbit
3.8%

You're not logged in!

Compare scores with friends on all Sporcle quizzes.
Join for Free
OR
Log In

You Might Also Like...

Show Comments

Extras

Created Dec 9, 2009ReportNominate
Tags:character

Top Quizzes Today


Score Distribution

Your Account Isn't Verified!

In order to create a playlist on Sporcle, you need to verify the email address you used during registration. Go to your Sporcle Settings to finish the process.

Report this User

Report this user for behavior that violates our Community Guidelines.

Details: